UM Logo

Passing shots : (Record no. 7866)

MARC details
000 -LEADER
fixed length control field 00700nam a2200193 4500
008 - FIXED-LENGTH DATA ELEMENTS--GENERAL INFORMATION
fixed length control field 171204b xxu||||| |||| 00| 0 eng d
020 ## - INTERNATIONAL STANDARD BOOK NUMBER
International Standard Book Number 0070571775
082 ## - DEWEY DECIMAL CLASSIFICATION NUMBER
Edition number 1987
Classification number DC 796.3420924
Item number Sh8
100 ## - MAIN ENTRY--PERSONAL NAME
9 (RLIN) 23941
Personal name Shriver, Pam, author.
245 ## - TITLE STATEMENT
Title Passing shots :
Remainder of title Pam Schriver on tour /
Statement of responsibility, etc. Pam Shriver, Frank Deford, Susan B. Adams.
260 ## - PUBLICATION, DISTRIBUTION, ETC. (IMPRINT)
Place of publication, distribution, etc. New York :
Name of publisher, distributor, etc. McGraw-Hill,
Date of publication, distribution, etc. © 1987.
300 ## - PHYSICAL DESCRIPTION
Extent xii, 211 pages :
Other physical details illustrations ;
Dimensions 24 cm.
650 #0 - SUBJECT ADDED ENTRY--TOPICAL TERM
9 (RLIN) 23948
Topical term or geographic name as entry element Tennis players
General subdivision Biography
Geographic subdivision United States
650 #0 - SUBJECT ADDED ENTRY--TOPICAL TERM
9 (RLIN) 23944
Topical term or geographic name as entry element Women tennis players.
650 #0 - SUBJECT ADDED ENTRY--TOPICAL TERM
9 (RLIN) 23943
Topical term or geographic name as entry element Tennis
General subdivision --Tournaments.
700 ## - ADDED ENTRY--PERSONAL NAME
9 (RLIN) 23945
Personal name Deford, Frank,author.
700 ## - ADDED ENTRY--PERSONAL NAME
9 (RLIN) 23946
Personal name Adams, Susan,author.
942 ## - ADDED ENTRY ELEMENTS (KOHA)
Source of classification or shelving scheme Dewey Decimal Classification
Koha item type Circulation
Holdings
Withdrawn status Lost status Source of classification or shelving scheme Damaged status Not for loan Collection code Home library Current library Date acquired Source of acquisition Total Checkouts Full call number Barcode Date last seen Copy number Price effective from Koha item type
    Dewey Decimal Classification     Circulation UM Digos College - LIC UM Digos College - LIC   Purchased   DC 796.3420924 Sh8 1987 9781 05/15/2025 1 12/04/2017 Circulation
    Dewey Decimal Classification     Circulation UM Digos College - LIC UM Digos College - LIC   Purchased   DC 796.3420924 Sh8 1987 16738 05/15/2025 3 12/04/2017 Circulation
    Dewey Decimal Classification     Circulation UM Digos College - LIC UM Digos College - LIC   Purchased   DC 796.3420924 Sh8 1987 16503 05/15/2025 2 12/04/2017 Circulation